01619cam a2200325 a 450000100100000000500170001000800410002702000150006804000250008308200180010810000360012624000290016224500950019126000380028630000210032449000260034553400660037159000260043765000450046365000280050870000380053683000330057491000380060795201310064595201310077695201310090795201160103895201220115499900170127600002008920200929170248.0030115s2000 dr r 000 f spa d a8481301329 aDO-SdBNPbspacBNPHU a823.7bS545fr1 aShelley, Mary,d1797-18519415910aFrankenstein.lEspañol10aFrankenstein o el moderno Prometeo /cMary Shelley ; traducción de Manuel Serrat Crespo. aSanto Domingo :bEl Siglo,c2000. a239 p. ;c21 cm.1 aJoyas del milenio.v7 aTítulo original: FrankensteincBarcelona : Bibliotex, 2000. aInventariado, 2018/BT 4aNovela de ciencia ficcion inglesa942671 4aLiteratura inglesa94981 aSerrat Crespo, Manuel,etr.95324 0aJoyas del milenio;n7942672 aValidado. Control de calidad. MFF 001054708DSaGRbGRcHDd2018-05-10iLF1l0o823.7 S545frp20089-30r2020-06-25te. 3w2020-06-25yLFDSZPréstamo en sala 001054708DSaGRbGRcHDd2018-08-10iLF1l0o823.7 S545frp20089-40r2020-06-25te. 4w2020-06-25yLFDSZPréstamo en sala 001054708DSaGRbGRcHDd2018-08-10iLF1l0o823.7 S545frp20089-50r2020-06-25te. 5w2020-06-25yLFDSZPréstamo en sala 0010718PDaPDbPDcHDd2010-07-20iLF1l0o823.7 S545frp20089-10r2020-06-25w2020-06-25yLFPDZNo se presta 0010718PDaPDbPDcHDd2015-02-20iLF1l0o823.7 S545frp20089-20r2020-06-25te. 2w2020-06-25yLFPDZNo se presta c19597d19597